000
00314nam a22001457a 4500
003
SGT
020
_a
8125028439
082
_a
954
_b
A99H
100
_a
HARMAN, CHRIS
245
_a
A PEOPLE'S HISTORY OF THE WORLD
260
_b
ORIENT LONGMAN
_c
1999
300
_a
729
650
_a
INDIAN HISTORY
942
_2
ddc
_c
BK
999
_c
27945
_d
27945